000 00664nam a22002177a 4500
999 _c8874
_d8874
003 AR-CdUCM
008 190326b ||||| |||| 00| 0 spa d
040 _aMUNICIPALIDAD PROVINCIAL DEL CUSCO
_cBIBLIOTECA MUNICIPAL DEL CUSCO
082 _24ed.
_a800.92 /
_bF82
100 _aFranuilc, Lenka.
_924681
245 _aCien Autores conteporáneos /
260 _aSantiago de Chile :
_bEmpresa Ercilla,
_c1951.
300 _a995 paginas ;
_c21 cm.
505 _aContenido : Biografias
650 _aBiografias
_9148
650 _aLiteratura moderna
_99575
650 _aHistoria y crítica
_95993
650 _aSiglo XX.
_98
942 _2ddc
_cLIBROS
945 _awnts